000 00669nam a2200241Ia 4500
003 OSt
005 20220926010419.0
006 a|||||r|||| 00| 0
007 ta
008 220923b |||||||| |||| 00| 0 eng d
020 _a0852268068
037 _cGeneral Book
040 _aRTL
_cRTL
_beng
041 _2eng
_aeng
082 _aX9(J3).2.N7, L4
100 _aSen Bandhudas
_9312284
245 0 _aGreen revolution in India
_b A perspective
260 _a New Delhi
_bWiley Eastern India
_c1974
300 _a118p.
_ccm.
650 _aFood Industry
942 _hX9(J3).2.N7, L4
_cGB
_2CC
999 _c617215
_d617215